Z młodzieńczych lat Jana Daniela Janockiego przyczynek do dziejów kultury polskiej w epoce saskiej

Bibliographic Details
Main Author: Birkenmajerowa, Zofja (Author)
Format: Book
Language:Polish
PhysicalDescription:124 s. 8°
Published: Poznań Poznań. Tow. Przyjac. Nauk 1925

MARC

LEADER 00000nam a2200000 a 4500
001 vtls001327259
003 SK-MaSNL
005 20260301160131.0
008 240318s1925 PL 0 pol
035 |a SNK000280054 
040 |a SNK  |b slo  |c SNK  |e AACR2 
044 |a PL 
100 1 |a Birkenmajerowa, Zofja  |4 aut  |9 521258 
245 1 0 |a Z młodzieńczych lat Jana Daniela Janockiego  |b przyczynek do dziejów kultury polskiej w epoce saskiej  |c Zofja Birkenmajerowa 
260 |a Poznań  |b Poznań. Tow. Przyjac. Nauk  |c 1925 
300 |a 124 s.  |c 8° 
999 |c 804151  |d 806081 
952 |t P60, <04>, [BOOK], {604}  |a SNK  |b SNK  |y VYP  |7 0  |o snkIC 23180  |i snk1191/59  |0 0  |1 0  |4 0  |d 1998-04-07  |l 0  |r 2005-01-02 00:00:00  |w 2026-02-24